000 00491nam a22001697a 4500
999 _c163362
_d163362
005 20190411124219.0
010 _aB-160193
020 _a0070634343
035 _aB-160193
037 _bTata McGraw-Hill Publishing Company Ltd.
082 _a670.285
100 _aZeid, Ibrahim
245 _aMastering CAD/CAM /
_cIbrahim Zeid
260 _aNew Delhi
_bTata McGraw-Hill Publishing Company Ltd.
_c2007
300 _a932p.
_c24cm(pbk)
942 _2ddc
_cEN
_h670.285
_mZEI